Colors Perfect: Color Matching For Brand Design (P/B) (Record no. 14123)

000 -LEADER
fixed length control field 00285nam a2200109Ia 4500
008 - FIXED-LENGTH DATA ELEMENTS--GENERAL INFORMATION
fixed length control field 260210s9999 xx 000 0 und d
020 ## - INTERNATIONAL STANDARD BOOK NUMBER
International Standard Book Number 9789887928447
100 ## - MAIN ENTRY--PERSONAL NAME
Personal name Send Points
245 #0 - TITLE STATEMENT
Title Colors Perfect: Color Matching For Brand Design (P/B)
260 ## - PUBLICATION, DISTRIBUTION, ETC.
Name of publisher, distributor, etc. Send Points
942 ## - ADDED ENTRY ELEMENTS (KOHA)
Koha item type B.Design
Holdings
Withdrawn status Lost status Damaged status Not for loan Permanent Location Current Location Shelving location Date acquired Barcode Date last seen Price effective from Koha item type
        BMS College of Architecture, Design and Planning BMS College of Architecture, Design and Planning General Stacks 2025-12-03 AR-UG4997 2026-02-10 2026-02-10 B.Design
Copyright © 2025, The Librarian, Library and Information Centre, BMSCA D&P, Bengaluru. All Rights Reserved
web counter

Powered by Koha